000 01004nam a2200313 i 4500
001 12086
003 KOSZ 005
005 20200630132825.0
008 070907s1969 pl f |000 0 pol
015 _aPB 1969/10478
035 _a(OCoLC)69307228
040 _aWA N
_cKOSZ 005/EG
_dKOSZ 005/EG
041 _apol
080 _a519
080 _a517
100 1 _aHartman, Stanisław
_d(1914-1992).
_eAutor
245 1 0 _aWstęp do analizy harmonicznej /
_cStanisław Hartman.
260 _aWarszawa :
_bPaństwowe Wydawnictwo Naukowe,
_c1969.
300 _a142, [2] s. ;
_c23 cm.
380 _aKsiążki.
490 1 _aBiblioteka Matematyczna ;
_vt. 33.
504 _aBibliogr.
658 _aMatematyka
650 4 _aAnaliza matematyczna
710 2 _aPaństwowe Wydawnictwo Naukowe
_4pbl.
830 0 _aBiblioteka Matematyczna,
_vt. 33.
856 _uhttp://koha.tu.koszalin.pl/cgi-bin/koha/opac-detail.pl?biblionumber=12086
_yKatalog online BPK
942 _2UKD
_cKS
999 _c12086
_d12086